00452nam a2200157Ia 4500008004100000020001400041082001500055100002700070245003100097250000800128260004100136300002700177500001900204600002100223650005000244240925s9999 xx 000 0 und d a471417432 a005.43 SIL aAbraham , Silbesschatz 0aOperating System Concepts  a4th aNew York:bJohn Wiley & Sonsc,2002. axxi,950p.bNAfPirated aIncludes Index aComputer Science aComputer science, information & general works